Tilastot visalle Alueet maittain

Klikkaa tästä pelataksesi tätä visaa!

Yleistilastot

  • Tätä visaa on pelattu 31 kertaa
  • Keskiarvotulos 14 / 20

Vastaustilastot

AlueValtio% Oikein
Andorra la VellaAndorra
100%
Sao luisBrasilia
100%
Sao pauloBrasilia
100%
SevillaEspanja
100%
BilbaoEspanja
100%
JejuEtelä-Korea
100%
TeheranIran
100%
RoomaItalia
100%
FirenzeItalia
100%
KisinovMoldova
100%
SkopjePohjois-Makedonia
100%
LissabonPortugali
100%
BasseterreSaint Kitts ja Nevis
100%
BaijeriSaksa
100%
AugsburgSaksa
100%
FreiburgSaksa
100%
ZugspitzeSaksa
100%
RiadSaudi-Arabia
100%
MekkaSaudi-Arabia
100%
JeddaSaudi-Arabia
100%
DakarSenegal
100%
TunisTunisia
100%
IzmitTurkki
100%
IzmirTurkki
100%
WellingtonUusi-Seelanti
100%
MinskValko-Venäjä
100%
New MexicoYhdysvallat
100%
GdanskPuola
50%
KabulAfganistan
0%
AlgerAlgeria
0%
Buenos AiresArgentiina
0%
MelbourneAustralia
0%
DhakaBangladesh
0%
NatalBrasilia
0%
Sao goncaloBrasilia
0%
RecifeBrasilia
0%
Porto alegreBrasilia
0%
ManausBrasilia
0%
Rio de JaneiroBrasilia
0%
Duque de caxiasBrasilia
0%
OuagadougouBurkina-Faso
0%
Santiago de ChileChile
0%
BarcelonaEspanja
0%
ValenciaEspanja
0%
MadridEspanja
0%
ZaragozaEspanja
0%
KapkaupunkiEtelä-Afrikka
0%
JohannesburgEtelä-Afrikka
0%
ManilaFilippiinit
0%
LontooIso-Britannia
0%
SwanseaIso-Britannia
0%
JerusalemIsrael
0%
Tel avivIsrael
0%
SardiniaItalia
0%
NapoliItalia
0%
MilanoItalia
0%
Nur-SultanKazakstan
0%
TiibetKiina
0%
WuhanKiina
0%
BiskekKirgisia
0%
BogotaKolumbia
0%
ChaniaKreikka
0%
ThessalonikiKreikka
0%
AteenaKreikka
0%
VallettaMalta
0%
RabatMarokko
0%
Kalifornian niemimaaMeksiko
0%
TiraspolMoldova
0%
OsloNorja
0%
PunjabPakistan
0%
IslamabadPakistan
0%
BragaPortugali
0%
PortoPortugali
0%
RennesRanska
0%
MarseilleRanska
0%
DijonRanska
0%
TukholmaRuotsi
0%
BochumSaksa
0%
HampuriSaksa
0%
WolfsburgSaksa
0%
BerliiniSaksa
0%
MainzSaksa
0%
MünsterSaksa
0%
NürnbergSaksa
0%
BielefeldSaksa
0%
SeinäjokiSuomi
0%
BatmanTurkki
0%
IstabulTurkki
0%
AšgabatTurkmenistan
0%
Krimin niemimaaUkraina
0%
LvivUkraina
0%
DonetskUkraina
0%
KiovaUkraina
0%
LuhanskUkraina
0%
MoskovaVenäjä
0%
SotsiVenäjä
0%
KaliningradVenäjä
0%
CaracasVenezuela
0%
BostonYhdysvallat
0%
WashingtonYhdysvallat
0%

Tulosjakauma

Persentiili vastausten määrän mukaan

Jokaisen tuloksen saaneiden osuus

Tuloshistoriasi

Et ole pelannut tätä visaa